Quo vadis, rožňavská nemocnica?

Bibliographic Details
Main Authors: Ivančová, Ľuba (Author), Tamáš, Ján (Author)
Format: Article
Language:Slovak
Subjects:

MARC

LEADER 00000nab a2200000 a 4500
001 vtls001000960
003 SK-MaSNL
005 20260303041125.0
008 040720e19960131xo 0 slo
035 |a RV1560 
040 |a RVGKPD  |b slo  |c RVGKPD  |e AACR2 
041 0 |a slo 
044 |a xo  |c SK 
080 |a 362.111  |2 1981 
100 1 |a Ivančová, Ľuba  |4 aut  |9 292333 
245 1 0 |a Quo vadis, rožňavská nemocnica? 
610 2 7 |a Nemocnica s poliklinikou sv. Barbory (Rožňava, Slovensko)  |2 RVGKPD  |9 31725 
651 7 |a Rožňava (Slovensko)  |2 RVGKPD  |9 17394 
700 1 |a Tamáš, Ján  |4 aut  |9 1025923 
773 0 8 |t Rožňavské noviny=Rozsnyói Újság  |g Roč. 4, č.2, 31.1.1996, s. 1,2 
852 |a ZVYKNI  |b KIS3GCP 
999 |c 1685331  |d 1687261